000
00287nam a22001217a 4500
008
170817b xxu||||| |||| 00| 0 eng d
041
_a
eng
080
_a
51
100
_a
35
101
_a
MAT
245
_a
HYPERSONIC FLOW THEORY APPLIED MATHEMATICS
_c
HAYES.D.W
942
_2
udc
_c
BK
999
_c
23919
_d
23919